Normal view
MARC view
Entry Topical Term
001 - CONTROL NUMBER
- control field: 702380
003 - CONTROL NUMBER IDENTIFIER
- control field: OSt
005 - DATE AND TIME OF LATEST TRANSACTION
- control field: 20221007100949.0
008 - FIXED-LENGTH DATA ELEMENTS
- fixed length control field: 221007|| aca||aabn | a|a d
040 ## - CATALOGING SOURCE
- Original cataloging agency: OSt
- Transcribing agency: OSt
150 ## - HEADING--TOPICAL TERM
- Topical term or geographic name entry element: PRIVACY
670 ## - SOURCE DATA FOUND
- Source citation: Work cat.: (OSt)1175115: ERNST M L 702379, Privacy , 1968
